<?xml version="1.0" encoding="UTF-8"?>
<resp>
  <nextPage>https://data.bn.org.pl/api/networks/bibs.marcxml?marc=001+b00001150002566&amp;sinceId=1150002567</nextPage>
  <collection>
    <record xmlns='http://www.loc.gov/MARC21/slim'><leader>00919namZa2200313ZiZ4500</leader><controlfield tag='001'>b00001150002566</controlfield><controlfield tag='005'>20241203214850.3</controlfield><controlfield tag='008'>230609s        pl           |000 0 pol c</controlfield><controlfield tag='009'>9913262456205606</controlfield><datafield ind1=' ' ind2=' ' tag='020'><subfield code='a'>8370661483</subfield></datafield><datafield ind1=' ' ind2=' ' tag='035'><subfield code='a'>KR_1KR_1_20120317235120079581-48omnis_kr</subfield></datafield><datafield ind1=' ' ind2=' ' tag='035'><subfield code='a'>KR_1_20120317235120079581</subfield><subfield code='9'>ExL</subfield></datafield><datafield ind1=' ' ind2=' ' tag='035'><subfield code='a'>(PL)b00001150002566</subfield></datafield><datafield ind1=' ' ind2=' ' tag='040'><subfield code='a'>KR_1</subfield><subfield code='c'>KR_1</subfield></datafield><datafield ind1='1' ind2=' ' tag='041'><subfield code='a'>pol</subfield><subfield code='h'>eng</subfield></datafield><datafield ind1='1' ind2=' ' tag='100'><subfield code='a'>Taylor, Barbara</subfield></datafield><datafield ind1='1' ind2='0' tag='245'><subfield code='a'>Powietrze i latanie /</subfield><subfield code='c'>Barbara Taylor ; [tł. Andrzej Niezgoda].</subfield></datafield><datafield ind1=' ' ind2=' ' tag='260'><subfield code='a'>W-wa :</subfield><subfield code='b'>&quot;BGW&quot;,</subfield><subfield code='c'>cop. 1991.</subfield></datafield><datafield ind1=' ' ind2=' ' tag='300'><subfield code='a'>40 s. :</subfield><subfield code='b'>il. kolor. ;</subfield><subfield code='c'>27 cm</subfield></datafield><datafield ind1='1' ind2=' ' tag='490'><subfield code='a'>Zabawa i Nauka.</subfield></datafield><datafield ind1=' ' ind2=' ' tag='500'><subfield code='a'>dd</subfield></datafield><datafield ind1=' ' ind2=' ' tag='504'><subfield code='a'>Indeks.</subfield></datafield><datafield ind1='1' ind2=' ' tag='700'><subfield code='a'>Niezgoda, Andrzej</subfield><subfield code='e'>Tł.</subfield></datafield><datafield ind1=' ' ind2=' ' tag='852'><subfield code='b'>48OMNIS_NETWORK</subfield><subfield code='8'>9913262456205606</subfield></datafield><datafield ind1=' ' ind2=' ' tag='852'><subfield code='b'>48OMNIS_KR</subfield><subfield code='8'>991000025659708216</subfield></datafield><datafield ind1=' ' ind2=' ' tag='920'><subfield code='a'>83-7066-148-3</subfield></datafield></record>
  </collection>
</resp>
